| 000 | 00712nam a2200241 a 4500 | ||
|---|---|---|---|
| 001 | 57979 | ||
| 003 | BD-RjUL | ||
| 005 | 20211209080554.0 | ||
| 008 | 161212s1968 u eng | ||
| 035 | _a(BD-RjUL)58103 | ||
| 035 | _a2861657 | ||
| 040 |
_aBD-RjUL _beng _cBD-RjUL |
||
| 041 | _aeng | ||
| 082 |
_223 _a972.9109 _bQUP 1968 |
||
| 100 | 1 |
_aQuesada, Gonzalo de _9172202 |
|
| 245 | 1 | 0 |
_aPaginas escogidas / _cGonzalo de Quesada |
| 260 |
_aInstituto del libro : _bEdiciones Políticas, _c1968. |
||
| 300 |
_a384 p. ; _c21 cm. |
||
| 490 | _aSerie editorial de ciencias políticas. | ||
| 650 |
_aCuba _xHistory _9172203 |
||
| 830 |
_aSerie editorial de ciencias políticas. _9172206 |
||
| 942 |
_2ddc _cBK |
||
| 999 |
_c57979 _d57979 |
||